000 00625 a2200193 4500
001 61079
005 20260407155901.0
008 260407a1963 arg spa d
003 AR-UNSa-BCEJYS
040 _aAR-UNSa-BCEJYS
_bspa
_cAR-UNSa-BCEJYS
080 _a342.924
_xActos legales. Actos administrativos. (Procesal administrativo)
245 1 0 _aEl acto administrativo
_pNoción, nulidades, vicios. Los actos de gobierno
264 1 _aBuenos Aires :
_bAbeledo Perrot
_c1963
300 _a183 p.
_c23 cm.
041 _aspa
942 _cBK
590 _aniveau_biblio:m niveau_hierar:0
100 1 _aGordillo, Agustín Alberto
999 _c7205
_d7205